Giáo trình phân tích hoạt động kinh tế của doanh nghiệp

Gespeichert in:
Bibliographische Detailangaben
1. Verfasser: Nguyễn, Thế Khải
Format: Buch
Sprache:Undetermined
Veröffentlicht: Hà Nội Tài chính 2003
Schlagworte:
Tags: Tag hinzufügen
Keine Tags, Fügen Sie den ersten Tag hinzu!
Thư viện lưu trữ: Trung tâm Học liệu Trường Đại học Cần Thơ
LEADER 00622nam a2200193Ia 4500
001 CTU_115626
008 210402s9999 xx 000 0 und d
020 |c 40000 
082 |a 338.5 
082 |b Kh103 
100 |a Nguyễn, Thế Khải 
245 0 |a Giáo trình phân tích hoạt động kinh tế của doanh nghiệp 
245 0 |c Nguyễn Thế Khải 
260 |a Hà Nội 
260 |b Tài chính 
260 |c 2003 
650 |a Managerial economics,Production (Economic theory),Production management 
904 |i Minh 
980 |a Trung tâm Học liệu Trường Đại học Cần Thơ